| 000 | 00988nam a2200241 i 4500 | ||
|---|---|---|---|
| 001 | 187238 | ||
| 003 | SpMaBN | ||
| 005 | 20250629063154.0 | ||
| 008 | 170517s1983 sp aco |||| |dspa d | ||
| 020 | _a84-398-0421-0 | ||
| 080 | _a32(460)"1982/.." | ||
| 245 | 0 | 3 |
_aUn año para la esperanza : _b[365 días de gobierno socialista] / _c[Partido Socialista Obrero Español], Equipo de Documentación Política ; [prólogo, Ramón Rubial]. |
| 260 |
_a[Madrid] : _bPSOE, Equipo de Documentación Política, _c1983. |
||
| 300 |
_a175 páginas : _bilustraciones (color y negro) ; _c21 cm. |
||
| 610 | 2 |
_aPartido Socialista Obrero Español. _96155 |
|
| 651 | 7 |
_aEspaña- _xPolítica y gobierno- _y1982-1996. _98449 |
|
| 700 | 1 |
_aRubial, Ramón. _9139660 _eaui |
|
| 710 | 2 |
_aPartido Socialista Obrero Español. _96155 _eisb |
|
| 852 |
_aES-MaACL _cDEPO2 _hDonativo José Prat _jL-31593 |
||
| 942 |
_2udc _cMONOGRAFIA _n0 |
||
| 999 |
_c187238 _d187238 |
||